Statistics for Uganda Country Quiz

Click here to take the quiz!

General Stats

  • This quiz has been taken 128 times
    (113 since last reset)
  • The average score is 14 of 24

Answer Stats

Clue Answer % Correct
African Great Lakes that
border Uganda
Lake Victoria
95%
Bordering countriesKenya
93%
Country that colonized UgandaUnited Kingdom
93%
Capital cityKampala
92%
Bordering countriesRwanda
91%
Bordering countriesTanzania
91%
Bordering countriesD.R. Congo
91%
Official languagesEnglish
90%
Bordering countriesSouth Sudan
88%
River basin the entire Uganda
is located in
Nile
78%
Official languagesSwahili
77%
Butcher of UgandaIdi Amin
72%
Type of gorilla found in Uganda{Mountain} Gorilla
50%
CurrencyShilling
50%
Rebel group that operates in
northern Uganda
{Lord}'{s} Resistance
Army
38%
Most important exportCoffee
36%
Leader of the aboveJoseph Kony
35%
African Great Lakes that
border Uganda
Lake Albert
33%
Type of bird appeared on the flagGrey Crowned Crane
32%
Country nicknameThe {Pearl} of Africa
29%
Kingdom that gives its name
to the country
Buganda
26%
African Great Lakes that
border Uganda
Lake Edward
25%
President who abolished the
tribal kingdoms
Milton Obote
17%
Tallest mountainMount Stanley
10%

Score Distribution

Percentile by Number Answered

Percent of People with Each Score

Your Score History

You have not taken this quiz since the last reset